Welcome to CU Library Online Public Access Catalogue (OPAC)

The Review of Ghana Law (Record no. 1406)

MARC details
000 -LEADER
fixed length control field 00803nam a22001697a 4500
003 - CONTROL NUMBER IDENTIFIER
control field OSt
005 - DATE AND TIME OF LATEST TRANSACTION
control field 20241121160743.0
008 - FIXED-LENGTH DATA ELEMENTS--GENERAL INFORMATION
fixed length control field 241121b |||||||| |||| 00| 0 eng d
245 ## - TITLE STATEMENT
Title The Review of Ghana Law
Statement of responsibility, etc. S Y Bimpong-Buta, LLB (Ghana). LLM (Lond) of Lincoln's Inn, Senior Advocate of Ghana.
Medium Text
260 ## - PUBLICATION, DISTRIBUTION, ETC.
Place of publication, distribution, etc. Accra
Name of publisher, distributor, etc. Council for Law Reporting Publications
Date of publication, distribution, etc. 1983-86
300 ## - PHYSICAL DESCRIPTION
Extent viii, 269 pages. Vol. XV
Dimensions 24cm
500 ## - GENERAL NOTE
General note To be cited as (1983-86) 15 RGL. License No ISD/60/74. Date of issue: 25 March 1974.
650 ## - SUBJECT ADDED ENTRY--TOPICAL TERM
Source of heading or term Ghana Law
700 ## - ADDED ENTRY--PERSONAL NAME
Personal name D R K Sankah, LLB (Ghana) Barrister-at Law Solicitor of the Supreme Court of Ghana
Relator term Assistant Editors
700 ## - ADDED ENTRY--PERSONAL NAME
Personal name L K Agbosu, LLM (Ghana), PHD (Lond) Barrister-at-Law Solicitor of the Supreme Court of Ghana
Relator term Assistant Editors
942 ## - ADDED ENTRY ELEMENTS (KOHA)
Source of classification or shelving scheme Library of Congress Classification
Koha item type Books
Suppress in OPAC No
999 ## -
-- 1406
-- 1406
Holdings
Withdrawn status Lost status Source of classification or shelving scheme Damaged status Not for loan Collection Home library Current library Shelving location Date acquired Total checkouts Full call number Barcode Date last seen Copy number Price effective from Koha item type
    Library of Congress Classification     Non-fiction Law Library (Miotso) Law Library (Miotso) General stacks 11/21/2024   RGL 83-86 XV llm00001156 11/21/2024 1 11/21/2024 Books
    Library of Congress Classification     Non-fiction Law Library (Miotso) Law Library (Miotso) General stacks 11/21/2024   RGL 83-86 XV llm00001157 11/21/2024 2 11/21/2024 Books
© 2023-2024 Copyright: Central University Libraries. All Rights Reserved | Created by: Mahone Tech Office